[Event "2025 Gufeld Cup"]
[Site "Perth AUS"]
[Date "2025.04.20"]
[Round "1.1"]
[White "Huang,Yuqi (Ricky)"]
[Black "Hardegen,Kathryn"]
[Result "0-1"]
[BlackElo "2102"]
[BlackFideId "3226778"]
[EventDate "2025.04.20"]
[PlyCount "0"]
[WhiteElo "1574"]
[WhiteFideId "3268250"]

1. e4 e5 2. Nf3 Nc6 3. d4 exd4 4. Nxd4 Bc5 5. Be3 Bxd4 6. Bxd4 Nf6 7. Nc3 O-O 8.
Bxf6 Qxf6 9. Qd2 d6 10. O-O-O Be6 11. Nd5 Bxd5 12. exd5 Ne5 13. f4 Nd7 14. g4
Nc5 15. g5 Qf5 16. h4 Rfe8 17. Bh3 Qe4 18. Bg2 Qe3 19. Rde1 Qxd2+ 20. Kxd2 a5
21. Rxe8+ Rxe8 22. Re1 Rxe1 23. Kxe1 f6 24. gxf6 gxf6 25. Kf2 Kf7 26. Kg3 Kg6
27. Kg4 f5+ 28. Kg3 Na4 29. b3 Nc3 30. a3 Ne2+ 31. Kf2 Nxf4 32. Bf3 Kf6 33. Ke3
Ke5 34. c4 Ng6 35. h5 Nh4 36. Bh1 f4+ 37. Kd3 h6 38. b4 axb4 39. axb4 b6 40.
Be4 f3 41. Ke3 f2 42. Bd3 Ng2+ 43. Kxf2 Nf4 44. Be2 Kf5 45. Bf1 Nxh5 46. Ke3
Ke5 47. Kd3 Nf4+ 48. Kc3 b5 49. cxb5 Nxd5+ 50. Kb3 Nb6 51. Kc3 h5  0-1

[Event "2025 Gufeld Cup"]
[Site "Perth AUS"]
[Date "2025.04.20"]
[Round "1.2"]
[White "Ellis,David"]
[Black "Sethuraman,Jaswanth Ram"]
[Result "1-0"]
[BlackElo "1529"]
[BlackFideId "3245250"]
[EventDate "2025.04.20"]
[PlyCount "0"]
[WhiteElo "2077"]
[WhiteFideId "3205568"]

1. Nc3 Nf6 2. e4 e5 3. Bc4 Bb4 4. d3 h6 5. Ne2 d6 6. O-O O-O 7. f4 Bg4 8. h3
Bxe2 $2 9. Nxe2 Bc5+ 10. Kh2 $2 Re8 $2 ( 10... Ng4+)11. Ng3 c6 12. Qf3 $2 ( 12.
fxe5 dxe5 13. Nf5 )12... Nbd7 13. Nh5 $2 Nxh5 14. Qxh5 Qe7 15. Bb3 Nf6 16. Qf3
Rad8 17. fxe5 dxe5 $2 ( 17... Qxe5+)18. Bxh6 Rd6 19. Bg5 Qc7 20. Qg3 Qe7 21.
Bh6 g6 22. Qxg6+ Kh8 23. Qg7#  1-0

[Event "2025 Gufeld Cup"]
[Site "Perth AUS"]
[Date "2025.04.20"]
[Round "1.3"]
[White "Le,Quang Minh"]
[Black "Bradley,Luke"]
[Result "0-1"]
[BlackElo "2000"]
[BlackFideId "0"]
[EventDate "2025.04.20"]
[PlyCount "0"]
[WhiteElo "1500"]
[WhiteFideId "0"]

1. e4 e5 2. Nf3 Nc6 3. d4 exd4 4. Bc4 Qf6 5. O-O Bc5 6. e5 Qd8 7. c3 d5 8. Bb3 {
 A wonderful advantage is lost. White needs to push on through the centre.}  (
8. exd6 Bxd6 9. Re1+ Nge7 10. Ng5 O-O 11. Qh5 {  etc.}  )8... Nge7 9. cxd4 Bb6
10. Be3 ( 10. h3 {  was needed to stop the bishop incursion Bg4, but Black
misses the chance.} )10... O-O 11. h3 Bf5 12. Nc3 h6 13. a3 a5 14. Qd2 Be4 15.
Nh2 Qd7 16. Rad1 Rfd8 17. Ng4 h5 18. Nh2 Nb8 19. Qe2 Bg6 20. f4 a4 21. Ba2 c6
22. g4 hxg4 23. hxg4 Be4 24. Bb1 Bxb1 25. Nxb1 Na6 26. Nc3 c5 27. f5 cxd4 28.
Bxd4 Bxd4+ 29. Rxd4 Qc6 30. Nxa4 b5 31. Nc3 Qb6 32. Qf2 b4 33. axb4 Nxb4 34.
Rd2 Qxf2+ 35. Rfxf2 d4 36. Nb5 Ra1+ 37. Rf1 Rxf1+ 38. Kxf1 Nec6 39. Nf3 d3 40.
e6 Nc2 41. Kf2 fxe6 42. fxe6 Kf8 43. Nc3 Na5 44. Ne4 Nc4 45. Rd1 N4e3 46. Rd2
Nxg4+ 47. Kg1 Ke7 48. Nc5 Nb4 49. Ne1 Ne5 50. b3 Rd5 51. Nd7 Kxe6 52. Nxe5 Kxe5
53. Kf2 Kd4 54. Nxd3 Nxd3+ 55. Ke2 Kc3 56. Rd1 Nf4+ 57. Ke1 Rxd1+ 58. Kxd1 Kxb3
59. Kd2 g5 60. Ke3 Kc4 61. Ke4 Ne6 62. Kf5 Kd4 63. Kg4 Ke4 64. Kg3 Kf5 65. Kf3
g4+ 66. Kg3 Ng5 67. Kf2 Kf4 68. Kg2 g3 69. Kg1 Kf3 70. Kh1 g2+ 71. Kh2 Ne4 72.
Kg1 Nf6 73. Kh2 Kf2 74. Kh3 g1=Q 75. Kh4 Kf3 {  Eschwing the immediate mate to
set up the classic mate with king and queen.}  76. Kh3 Qg3#  0-1

[Event "2025 Gufeld Cup"]
[Site "Perth AUS"]
[Date "2025.04.20"]
[Round "1.4"]
[White "De Vas,Yonal"]
[Black "Palanti,Krishiv"]
[Result "1-0"]
[BlackElo "1350"]
[BlackFideId "0"]
[EventDate "2025.04.20"]
[PlyCount "0"]
[WhiteElo "1814"]
[WhiteFideId "3235963"]

1. d4 c6 2. c4 d5 3. cxd5 cxd5 4. Bg5 h6 5. Bh4 Bg4 6. Nc3 Nd7 7. Nxd5 Qa5+ 8.
Nc3 e6 9. h3 Bh5 10. a3 Be7 11. Bxe7 Nxe7 12. g4 Rc8 13. gxh5 Rxc3 14. Qd2 Qd5
15. Qxc3 Qxh1 16. Qg3 Qd5 17. O-O-O Qxh5 18. Bg2 b6 19. Kb1 O-O 20. Rc1 Nf5 21.
Qc7 Qg5 22. Bc6 Nf6 23. Qxa7 Rc8 24. Qb7 Nd6 25. Qxb6 Nd7 26. Qb4 Ne4 27. h4
Qf4 28. Nh3 Qg4 29. f3 Qxh3 30. fxe4 Qe3 31. Qb7 Rb8 32. Qxd7 Qb3 33. Rc2 Qxa3
34. Bb7 Qa7 35. Rc8+ Rxc8 36. Qxc8+ Kh7 37. Qd7  1-0

[Event "2025 Gufeld Cup"]
[Site "Perth AUS"]
[Date "2025.04.20"]
[Round "1.5"]
[White "De Vas,Senudi"]
[Black "Huang,Hui"]
[Result "1-0"]
[BlackElo "1814"]
[BlackFideId "3247597"]
[EventDate "2025.04.20"]
[PlyCount "0"]
[WhiteElo "1245"]
[WhiteFideId "3250580"]

1. d4 Nf6 2. c4 g6 3. Nc3 d5 4. Nf3 Bg7 5. Bf4 c5 6. e3 Bg4 7. Be2 cxd4 8. exd4
Nc6 9. c5 Nh5 10. Bg5 h6 11. Bh4 Nf4 12. O-O Nxe2+ 13. Nxe2 Bxf3 14. gxf3 O-O
15. Bg3 e5 16. dxe5 Nxe5 17. Nc3 d4 18. Ne4 Qd7 19. Re1 Nc6 20. Nd6 Kh7 21. Qb3
f5 22. h4 f4 23. Bh2 b6 24. Ne4 Rab8 25. Qc2 d3 26. Qd2 Ne5 27. Kg2 Nc4 ( 27...
Nxf3 28. Kxf3 Qh3+ {  and mate follows.}  )28. Qb4 Nxb2 29. Rab1 bxc5 30. Qxc5
d2 31. Nxd2 Qxd2 32. Re7 Qxf2+ 33. Qxf2 Nd3 34. Qf1 Rbd8 35. Rbb7  1-0

[Event "2025 Gufeld Cup"]
[Site "Perth AUS"]
[Date "2025.04.20"]
[Round "1.6"]
[White "Pope,Andrew"]
[Black "Ting,Ian"]
[Result "1-0"]
[BlackElo "1200"]
[BlackFideId "0"]
[EventDate "2025.04.20"]
[PlyCount "0"]
[WhiteElo "1800"]
[WhiteFideId "0"]

1. e4 c6 2. Nf3 d5 3. exd5 cxd5 4. d4 e6 5. Nc3 Bb4 6. Bb5+ Bd7 7. Qd3 Bxc3+ 8.
bxc3 Bxb5 9. Qxb5+ Qd7 10. Rb1 Qxb5 11. Rxb5 b6 12. a4 Ne7 13. Ba3 Nbc6 14. O-O
O-O 15. Nd2 Rfc8 16. f4 Nf5 17. Rf3 Rab8 18. g4 Nh6 ( 18... Nfxd4 19. cxd4 Nxd4
)19. h3 a6 20. Rb1 b5 21. axb5 axb5 22. Bd6 Rb7 23. f5 Rd8 24. Bg3 Re8 25. Re1
Nd8 26. Bf4 b4 27. c4 Rd7 28. c5 Nc6 29. Nb3 Ra7 30. Rfe3 Nd8 31. Bg5 Ra6 32.
Bxd8 Rxd8 33. fxe6 fxe6 34. Rxe6 Rxe6 35. Rxe6 Kf7 36. Rb6 Ra8 37. c6 Ng8 38.
Nc5 Ne7 39. c7 Rc8 40. Na6 Ke8 41. Rb8 Kd7 42. Rxb4 Ra8 43. Nc5+ Kxc7 44. Rb7+
Kd8 45. Ne6+ Ke8 46. Nc7+ Kf8 47. Nxa8 Nc6 48. c3 Na5 49. Rb5 Nc4 50. Rxd5 Nd2
51. Nb6 Nf3+ 52. Kg2 Nd2 53. c4 Nxc4 54. Nxc4 h5 55. Rxh5 g5 56. Rxg5 Kf7 57.
d5 Ke7 58. Rg6 Kf7 59. Ne5+ Kf8 60. d6 Ke8 61. Rg8#  1-0

[Event "2025 Gufeld Cup"]
[Site "Perth AUS"]
[Date "2025.04.20"]
[Round "1.7"]
[White "Malik,Aidan"]
[Black "De Guzman,Jessie"]
[Result "1-0"]
[BlackElo "1748"]
[BlackFideId "4321685"]
[EventDate "2025.04.20"]
[PlyCount "0"]
[WhiteElo "1129"]
[WhiteFideId "365104803"]

1. c4 e5 2. g3 Nf6 3. Bg2 Bc5 4. Nc3 c6 5. e4 a5 6. Nf3 d6 7. d3 Bg4 8. a3 O-O
9. h3 Bh5 10. g4 Bg6 11. Bg5 Nbd7 12. Qd2 Rb8 13. Rb1 b5 14. b4 axb4 15. axb4
Ba7 16. cxb5 cxb5 17. Nd5 Nb6 18. Nxf6+ gxf6 19. Bh6 Re8 20. h4 f5 21. gxf5 Bh5
22. Rg1 Kh8 23. Ng5 Rb7 24. Bf3 Rg8 25. Bxh5 f6 26. Bf7 Rxg5 27. hxg5 Rxf7 28.
Qa2 d5 29. g6 Rd7 30. gxh7 Kxh7 31. Qe2 Qe8 32. Qg4 dxe4 33. Bf8  1-0

[Event "2025 Gufeld Cup"]
[Site "Perth AUS"]
[Date "2025.04.20"]
[Round "1.8"]
[White "Donaldson,Gary"]
[Black "Dorji,Ugyen"]
[Result "1-0"]
[BlackElo "1050"]
[BlackFideId "0"]
[EventDate "2025.04.20"]
[PlyCount "0"]
[WhiteElo "1686"]
[WhiteFideId "3218570"]

1. d4 e5 $2 2. dxe5 Nc6 3. Nf3 f6 4. Bf4 fxe5 5. Nxe5 Nxe5 6. Bxe5 Nf6 7. Nd2
Bc5 8. e3 d6 9. Bxf6 Qxf6 10. c3 Bd7 11. Ne4 Qf5 12. Nxc5 Qxc5 13. Be2 O-O-O
14. O-O h5 15. Bf3 Rdf8 16. Qd4 Bc6 17. Qxc5 dxc5 18. Bxc6 bxc6 19. Rad1 Kb7
20. Rd3 g5 21. Rfd1 Rf7 22. c4 Rhf8 23. f3 g4 24. f4 h4 25. Rd8 Rxd8 26. Rxd8
Re7 27. Rd3 g3 28. h3 Re4 29. b3 a5 30. Kf1 Kb6 31. a4 Kb7 32. Ke2 Re8 33. Kf3
Rg8 34. e4 Re8 35. f5 Rh8 36. Kf4 Rh6 37. e5 Kc8 38. f6 Rh5 39. f7 Rh8 40. e6
Rf8 41. Kf5 Rd8 42. Rxd8+ Kxd8 43. f8=Q#  1-0

[Event "2025 Gufeld Cup"]
[Site "Perth AUS"]
[Date "2025.04.20"]
[Round "2.1"]
[White "Hardegen,Kathryn"]
[Black "Pope,Andrew"]
[Result "1-0"]
[BlackElo "1800"]
[BlackFideId "0"]
[EventDate "2025.04.20"]
[PlyCount "0"]
[WhiteElo "2102"]
[WhiteFideId "3226778"]

1. Nf3 Nf6 2. b3 d6 3. Bb2 e5 4. d3 c5 5. Nbd2 Nc6 6. e3 g6 7. Be2 Bh6 8. a4 a6
9. Ne4 Nxe4 10. dxe4 Be6 11. Qd3 Nb4 12. Qd2 Qc7 13. c4 O-O 14. h4 f5 15. exf5
Bxf5 16. Rc1 Rad8 17. Qd1 Qc6 18. O-O Qe4 19. Qd2 Bg4 20. Ba3 Bxf3 21. Bxf3
Qxh4 ( 21... Rxf3 22. gxf3 Qxf3 23. Qd1 Qxd1 24. Rfxd1 )22. Bxb4 cxb4 23. Qd5+
Rf7 24. Rfd1 Qf6 25. c5 Kf8 26. cxd6 Rfd7 27. Qc5 Ke8 28. Qxb4 Bf8 29. Bg4 Rxd6
30. Rxd6 Rxd6 31. Qxb7 Be7 32. Bf3  1-0

[Event "2025 Gufeld Cup"]
[Site "Perth AUS"]
[Date "2025.04.20"]
[Round "2.2"]
[White "Donaldson,Gary"]
[Black "Ellis,David"]
[Result "1/2-1/2"]
[BlackElo "2077"]
[BlackFideId "3205568"]
[EventDate "2025.04.20"]
[PlyCount "0"]
[WhiteElo "1686"]
[WhiteFideId "3218570"]

1. d4 e6 2. Nf3 Nf6 3. Bf4 b6 4. Nbd2 Bb7 5. e3 d6 6. Bd3 c5 7. c3 Be7 8. O-O
Nc6 9. Bb5 O-O 10. Re1 a6 11. Ba4 b5 12. Bc2 cxd4 13. exd4 Rc8 14. a3 Na5 15.
Bg5 Nc4 16. Nxc4 bxc4 17. Bxf6 Bxf6 18. Be4 Rc7 19. Nd2 Qa8 20. Qc2 g6 21. Bxb7
Qxb7 22. Ne4 Be7 23. Re2 Re8 24. Rae1 Qd5 25. Qd2 Qa5 26. Qf4 Qf5 27. Qxf5 gxf5
28. Nd2 d5 29. f4 Rb7 30. Nf3 Reb8 31. Ne5 Rxb2 32. Nc6 Rxe2 33. Nxe7+ Kf8 34.
Rxe2 Kxe7 35. a4 Rb3 36. Rc2 Ra3 37. Kf2 Rxa4 38. Kg3 Ra3 39. Kh4 Kf6 40. Kh5
a5 41. Kh6 a4 42. h4 Rb3 43. Kxh7 a3 44. h5 Rb2 45. Rc1 a2 46. Ra1 Rxg2 47. h6
Ke7 48. Kh8 Kf8 49. h7 Rb2 $4 ( 49... e5)50. Rxa2 Rxa2  1/2-1/2

[Event "2025 Gufeld Cup"]
[Site "Perth AUS"]
[Date "2025.04.20"]
[Round "2.3"]
[White "Bradley,Luke"]
[Black "De Vas,Senudi"]
[Result "1-0"]
[BlackElo "1245"]
[BlackFideId "3250580"]
[EventDate "2025.04.20"]
[PlyCount "0"]
[WhiteElo "2000"]
[WhiteFideId "0"]

1. e4 c5 2. Nf3 Nc6 3. Bb5 g6 4. O-O Bg7 5. Nc3 d6 6. d4 cxd4 7. Nxd4 Bd7 8.
Bxc6 Bxc6 9. Nxc6 bxc6 10. Qf3 Rc8 11. Bf4 Nf6 12. Rad1 O-O 13. e5 Ne8 14. Ne4
d5 15. Nc5 Nc7 16. Qa3 Nb5 17. Qh3 Qc7 18. a4 Rfe8 19. Rfe1 Qa5 20. axb5 Qxb5
21. Nd3 Qc4 22. Rd2 c5 23. b3 Qb5 24. Bh6 Bh8 25. Nf4 Rcd8 26. Nxd5 Qa5 27. Qe3
e6 28. Nf6+ Bxf6 29. exf6 a6 30. Rxd8 Rxd8 31. h4 Qa2 32. Qxc5 Qb2 33. Qe7 Qd4
34. Be3 Qd5 35. c4 Qd3 36. Qc5 Qxb3 37. Qg5 Qc3 38. Rc1 Qb2 39. Bf4 Qb4 40. Qh6
Qf8 41. Qxf8+ Rxf8 42. c5 Rc8 43. c6 h5 44. c7 e5 45. Be3 a5 46. Bb6 a4 47. Rd1
Rxc7 48. Bxc7 a3 49. Bxe5 a2 50. Ra1 g5 51. hxg5 Kh7 52. Rxa2 Kg6 53. f4 Kf5
54. Kf2 Kg4 55. g3  1-0

[Event "2025 Gufeld Cup"]
[Site "Perth AUS"]
[Date "2025.04.20"]
[Round "2.4"]
[White "Malik,Aidan"]
[Black "De Vas,Yonal"]
[Result "1-0"]
[BlackElo "1814"]
[BlackFideId "3235963"]
[EventDate "2025.04.20"]
[PlyCount "0"]
[WhiteElo "1129"]
[WhiteFideId "365104803"]

1. d4 Nf6 2. Nf3 e6 3. c3 d5 4. Bf4 c5 5. e3 Nc6 6. Nbd2 Be7 7. Bd3 O-O 8. O-O
cxd4 9. exd4 h6 10. Re1 Nh5 11. Bg3 $2 ( 11. Be3 {  and White holds a pleasant
advantage.} )11... Nxg3 12. hxg3 Bd6 13. Qc2 Qc7 14. Bb5 Bd7 15. Rac1 Rac8 16.
Nf1 Nb4 17. cxb4 Qb6 $4 ( 17... Qxc2 18. Rxc2 Bxb5 {  and now it's Black who
holds the advantage.}  )18. Bxd7 Rxc2 19. Rxc2 Qxb4 20. Rec1 g5 21. Ne3 Kg7 22.
a3 Qb3 23. Ng4 Rd8 24. Bc8 h5 25. Nge5 f6 26. Rc7+ Kf8 27. Nd7+ Ke7 28. Rxb7
Rxc8 29. Nb6+ Bc7 30. Nxc8+  1-0

[Event "2025 Gufeld Cup"]
[Site "Perth AUS"]
[Date "2025.04.20"]
[Round "2.5"]
[White "McAteer,Ian"]
[Black "Gunawan,Tjermin"]
[Result "1-0"]
[BlackElo "1809"]
[BlackFideId "3239110"]
[EventDate "2025.04.20"]
[PlyCount "0"]
[WhiteElo "1875"]
[WhiteFideId "3230015"]

1. d4 Nf6 2. Bg5 d5 3. Bxf6 exf6 4. e3 Bd6 5. Bd3 Nc6 6. c3 Ne7 7. Qf3 c6 8. Nd2
Be6 9. g4 Qd7 10. h3 Ng6 11. O-O-O Nh4 12. Qe2 f5 13. f3 O-O-O 14. Qf2 g5 15.
f4 f6 16. fxg5 fxg5 17. gxf5 Nxf5 18. Ngf3 h6 19. e4 dxe4 20. Nxe4 Bf4+ 21. Kb1
Qd5 22. b3 b6 23. Rhe1 Bd7 24. Kb2 ( 24. Nf6 Bg3 25. Qf1 Qf7 26. Nxd7 Rxd7 27.
Ne5 Bxe5 ( 27... Bxe1 28. Bxf5 ))24... Rhf8 25. Ne5 Be8 26. Bc4 Qa5 27. b4 Qa4
28. Qe2 Ne3 29. Rb1 Nxc4+ 30. Qxc4 Bxe5 31. Qe6+ Bd7 32. Qxe5 Bxh3 33. Re2 Qb5
34. Qh2 Bf5 35. Rbe1 Qd5 36. Nd2 Bg4 37. Re7 Qd6 38. Qg2 h5 39. Rxa7 Qf4 40.
Qxc6+  1-0

[Event "2025 Gufeld Cup"]
[Site "Perth AUS"]
[Date "2025.04.20"]
[Round "2.6"]
[White "Huang,Hui"]
[Black "Gunawan,Michael"]
[Result "1-0"]
[BlackElo "1500"]
[BlackFideId "0"]
[EventDate "2025.04.20"]
[PlyCount "0"]
[WhiteElo "1814"]
[WhiteFideId "3247597"]

1. d4 d5 2. Bf4 e6 3. e3 Nf6 4. Nf3 c5 5. c3 Bd6 6. Bb5+ Nc6 7. Bxc6+ bxc6 8.
Bxd6 Qxd6 9. Qa4 O-O 10. Qa3 Ne4 11. Nfd2 cxd4 12. Nxe4 Qxa3 13. Nxa3 dxe4 14.
cxd4 Ba6 15. Rc1 Rfc8 16. Rc5 Rab8 17. b3 Bd3 18. Kd2 Rb6 19. Ra5 a6 20. Rc1
Kf8 21. Nc4 Bxc4 22. Rxc4 Ke7 23. Re5 f5 24. d5 cxd5 25. Rxc8 Kf6 26. Rxd5 exd5
27. Kc3 g5 28. Kd4 Rd6 29. Rc5 Ke6 30. a4 Rb6 31. Kc3 f4 32. a5 Rd6 33. Kd4 h5
34. b4 h4 35. h3 fxe3 36. fxe3 Rd7 37. b5 axb5 38. Rxb5 Rc7 39. Rxd5 Kf6 40. a6
Rc2 41. Ra5 Rc8 42. a7 Ra8 43. Kxe4 Re8+ 44. Kd4 Rd8+ 45. Kc5 Ra8 46. Kb6  1-0

[Event "2025 Gufeld Cup"]
[Site "Perth AUS"]
[Date "2025.04.20"]
[Round "2.7"]
[White "De Guzman,Jessie"]
[Black "Le,Quang Minh"]
[Result "1-0"]
[BlackElo "1500"]
[BlackFideId "0"]
[EventDate "2025.04.20"]
[PlyCount "0"]
[WhiteElo "1748"]
[WhiteFideId "4321685"]

1. e4 e5 2. Nf3 Nc6 3. Bb5 a6 4. Bc4 Nf6 5. d4 exd4 6. e5 d5 7. Bd3 Nd7 8. O-O
Nb6 $2 {  White had a strong advantage but this move is too timid. The king
needs to shuffle to safety and the knight can then be moved to c5 to release
the white-squared bishop. More active is}  ( 8... Be7 9. Re1 Nc5 )9. h3 Be6 10.
c3 dxc3 11. Nxc3 Be7 12. Ne2 O-O 13. Nf4 Qd7 14. Re1 Rfe8 15. a3 Rad8 16. Qd2
h6 17. Nxe6 Qxe6 18. Qf4 Bf8 19. Bf5 Qe7 20. e6 fxe6 21. Rxe6 Qf7 22. Bh7+ Kxh7
23. Qxf7 Rxe6 24. Qxe6 Bd6 25. Nh4 Ne7 26. Be3 c5 27. b4 Na4 28. bxc5 Nxc5 29.
Bxc5 Bxc5 30. a4 Rf8 31. Ra2 Rf6 32. Qd7 b6 33. Nf3 Ng6 34. Qxd5 a5 35. Rc2 Rd6
36. Rxc5 Rxd5 37. Rxd5 Kg8 38. Rd6 Kf7 39. Rxb6 Ne7 40. Ne5+ Kg8 41. Rb7 Nd5
42. h4 Nc3 43. h5 Nxa4 44. Rb8+ Kh7 45. Ng6 Nb6 46. Rh8#  1-0

[Event "2025 Gufeld Cup"]
[Site "Perth AUS"]
[Date "2025.04.20"]
[Round "2.8"]
[White "Palanti,Krishiv"]
[Black "Huang,Yuqi (Ricky)"]
[Result "0-1"]
[BlackElo "1574"]
[BlackFideId "3268250"]
[EventDate "2025.04.20"]
[PlyCount "0"]
[WhiteElo "1350"]
[WhiteFideId "0"]

1. d4 Nf6 2. Bf4 c5 3. Nf3 g6 4. dxc5 Qa5+ 5. Nc3 Qxc5 6. e3 Bg7 7. Bd3 Qb4 8.
Qc1 Nd5 9. a3 Bxc3+ 10. bxc3 Qxc3+ 11. Nd2 Nxf4 12. exf4 b6 13. a4 Bb7 14. Qa3
Qxa3 15. Rxa3 Bxg2 16. Rc3 Nc6 17. Rg1 Bd5 18. Be4 Bxe4 19. Nxe4 O-O 20. f5 Kg7
21. fxg6 hxg6 22. Rh3 Rh8 23. Rxh8 Rxh8 24. Rg2 Rh4 25. Ng5 Rxa4 26. Rg3 Rh4
27. Rf3 f6 28. Nh3 Nd4 29. Rd3 Nxc2+ 30. Kd1 Nb4 31. Rb3 a5 32. Kd2 a4 33. Rg3
b5 34. Kd1 Nd5 35. Kd2 b4 36. Kd1 a3 37. Kd2 a2 38. Kd1 a1=Q+ 39. Kd2 Rd4+ 40.
Ke2 Qd1#  0-1

[Event "2025 Gufeld Cup"]
[Site "Perth AUS"]
[Date "2025.04.20"]
[Round "2.9"]
[White "Sethuraman,Jaswanth Ram"]
[Black "Ting,Ian"]
[Result "1-0"]
[BlackElo "1200"]
[BlackFideId "0"]
[EventDate "2025.04.20"]
[PlyCount "0"]
[WhiteElo "1529"]
[WhiteFideId "3245250"]

1. e4 c6 2. d4 d5 3. exd5 cxd5 4. Nc3 e6 5. a3 Nf6 6. Bg5 Be7 7. Bxf6 Bxf6 8.
Nf3 Nc6 9. Bb5 a6 10. Bxc6+ bxc6 11. O-O O-O 12. Re1 Qb6 13. Na4 Qb5 14. b3 Be7
15. Ne5 Bd6 16. Re3 c5 17. dxc5 Bxc5 18. Nxc5 Qxc5 19. Rh3 h6 20. Rg3 d4 21.
Ng4 Kh7 22. Qf3 ( 22. Nf6+ gxf6 23. Qg4 Qg5 24. Qe4+ Qf5 25. Qxa8 )22... Bd7
23. Nf6+ gxf6 24. Qxf6 Rg8 25. Qxf7+ Kh8 26. Qxd7 Rxg3 27. hxg3 e5 28. Qe6 Kg7
29. Re1 Qxc2 30. Qxe5+ Kg8 31. Qd5+ Kg7 32. Re7+ Kf6 33. Qd6+ Kf5 34. Re5+ Kg4
35. Qxd4+ Qe4 36. Qxe4#  1-0

[Event "2025 Gufeld Cup"]
[Site "Perth AUS"]
[Date "2025.04.20"]
[Round "3.1"]
[White "Bradley,Luke"]
[Black "Hardegen,Kathryn"]
[Result "0-1"]
[BlackElo "2102"]
[BlackFideId "3226778"]
[EventDate "2025.04.20"]
[PlyCount "0"]
[WhiteElo "2000"]
[WhiteFideId "0"]

1. e4 d6 2. Nf3 Nf6 3. Nc3 c6 4. a4 Bg4 5. h3 Bh5 6. Be2 Nbd7 7. d4 e5 8. Bg5
Bxf3 9. Bxf3 Qb6 10. Ne2 Be7 11. O-O O-O 12. b3 Rad8 13. Be3 Qc7 14. c4 exd4
15. Bxd4 b6 16. Nc3 Ne5 17. Re1 Rfe8 18. Qe2 Ng6 19. e5 dxe5 ( 19... Bf8 20.
exd6 Rxd6 21. Be3 Nh4 )20. Bxe5 Nxe5 21. Qxe5 Bd6 22. Qg5 Rxe1+ 23. Rxe1 Bf4
24. Qf5 Bd2 25. Ne4 Bxe1 26. Nxf6+ gxf6 27. Qxf6 Rd6 28. Qe5 Bxf2+ 29. Kh2 Rd7 
0-1

[Event "2025 Gufeld Cup"]
[Site "Perth AUS"]
[Date "2025.04.20"]
[Round "3.2"]
[White "Ellis,David"]
[Black "Malik,Aidan"]
[Result "1-0"]
[BlackElo "1129"]
[BlackFideId "365104803"]
[EventDate "2025.04.20"]
[PlyCount "0"]
[WhiteElo "2077"]
[WhiteFideId "3205568"]

1. Nc3 Nf6 2. e4 e5 3. Bc4 Nxe4 4. Nf3 Nxc3 5. dxc3 c6 6. O-O d5 7. Nxe5 dxc4 8.
Qxd8+ Kxd8 9. Nxf7+ Kc7 10. Nxh8 Be6 11. Re1 Kd7 12. Bf4 Bf5 13. Rad1+  1-0

[Event "2025 Gufeld Cup"]
[Site "Perth AUS"]
[Date "2025.04.20"]
[Round "3.3"]
[White "McAteer,Ian"]
[Black "Donaldson,Gary"]
[Result "1-0"]
[BlackElo "1686"]
[BlackFideId "3218570"]
[EventDate "2025.04.20"]
[PlyCount "0"]
[WhiteElo "1875"]
[WhiteFideId "3230015"]

1. d4 d5 2. Bf4 Nf6 3. e3 Bg4 4. f3 Bd7 5. Bg3 e6 6. c3 Be7 7. Qb3 b6 8. Bd3 Nc6
9. Ne2 Nh5 10. Bf2 O-O 11. Nd2 Na5 12. Qc2 Nf6 13. g4 c5 14. Qc1 ( 14. g5 c4
15. gxf6 cxd3 16. fxe7 )14... cxd4 15. exd4 Ne8 16. h4 Nd6 17. Qc2 f5 18. g5
Bb5 19. Nf4 Qd7 20. O-O-O Bxd3 21. Nxd3 Nac4 22. Rde1 Nxd2 23. Qxd2 Nc4 24. Qe2
Bd6 $2 25. Qxe6+ Qxe6 26. Rxe6 Rae8 27. Rhe1 Rxe6 28. Rxe6 Kf7 29. Re1 Re8 30.
Rxe8 Kxe8 31. b3 Na5 32. Kc2 Kd7 33. Ne1 Nc6 34. Kd3 Ne7 35. c4 dxc4+ 36. bxc4
Nc6 37. Nc2 Nb4+ 38. Nxb4 Bxb4 39. a4 Be7 40. Bg3 g6 41. Bb8 a6 42. Bf4 Bb4 43.
Bg3 Kc6 44. Bf2 ( 44. d5+ Kc5 ( 44... Kd7 45. Bf4 )45. Bf2+ Kd6 46. Bxb6 )44...
Kc7 45. Bg3+ Kd7 46. d5 Bc5 47. Be5 b5 ( 47... Bf2 48. Ke2 Bxh4 49. f4 )48.
cxb5 axb5 49. axb5 Bf2 50. Kc4 Bxh4 51. f4 Bf2 52. Bd4 Bg3 53. Be3 Be1 54. b6
Kc8 55. Kc5  1-0

[Event "2025 Gufeld Cup"]
[Site "Perth AUS"]
[Date "2025.04.20"]
[Round "3.4"]
[White "De Vas,Yonal"]
[Black "Huang,Yuqi (Ricky)"]
[Result "1-0"]
[BlackElo "1574"]
[BlackFideId "3268250"]
[EventDate "2025.04.20"]
[PlyCount "0"]
[WhiteElo "1814"]
[WhiteFideId "3235963"]

1. d4 Nf6 2. c4 c5 3. d5 g6 4. Nc3 Bg7 5. e4 d6 6. f3 Nbd7 7. Nh3 a6 8. a4 b6 9.
Be3 Bb7 10. Qd2 h5 11. Nf2 Ne5 12. Be2 Qc7 13. O-O Rd8 14. Qc2 e6 15. a5 exd5
16. axb6 Qxb6 17. cxd5 O-O 18. b4 Ned7 19. bxc5 Nxc5 20. Na4 Qc7 21. Nxc5 dxc5
22. Rac1 Rc8 23. Qxc5 Qe5 24. Qd4 Qb8 25. Qb4 Qa8 26. Rb1 Rb8 27. Bf4 a5 28.
Qb5 a4 29. Bxb8 Rxb8 30. Rb4 Qa7 31. Rxa4 Qe3 32. Qd3 Qg5 33. Rb1 Nd7 34. Rab4
Nc5 35. Qc2 Bf8 36. Rb5 Qe3 37. Kf1 Ra8 38. Rxb7 Nxb7 39. Rxb7 Bc5 40. Nh3 Ra3
41. Rb8+ Kh7 42. Bd1 Rd3 43. Rb3  1-0

[Event "2025 Gufeld Cup"]
[Site "Perth AUS"]
[Date "2025.04.20"]
[Round "3.5"]
[White "Dorji,Ugyen"]
[Black "Huang,Hui"]
[Result "0-1"]
[BlackElo "1814"]
[BlackFideId "3247597"]
[EventDate "2025.04.20"]
[PlyCount "0"]
[WhiteElo "1050"]
[WhiteFideId "0"]

1. e4 Nf6 2. Nc3 e5 3. Bc4 Nxe4 4. Bxf7+ Kxf7 5. Nxe4 d5 6. Qh5+ g6 7. Qxe5 Bh6
8. d3 Re8 9. Qd4 Nc6 10. Qc3 Bxc1 11. Rxc1 Qg5 12. Ne2 dxe4 13. O-O exd3 14.
Qxd3 Bf5 15. Qf3 Kg7 16. Ng3 Rad8 17. c3 h5 18. h4 Qg4 19. Nxf5+ Qxf5 20. Qg3
Qe5 21. f4 Qe3+ 22. Qf2 Kf6 23. Kh1 Qxf2 24. Rxf2 Kf5 25. Rcf1 Na5 26. c4 Nc6
27. Kh2 Re4 28. b3 Rdd4 29. g3 Ne7 30. Kh3 Ng8 31. Rg1 Nf6 32. Rf3 Ng4 33. Rgf1
Rd2 34. Rh1 Ree2 35. Re3 Rh2+ 36. Rxh2 Rxh2#  0-1

[Event "2025 Gufeld Cup"]
[Site "Perth AUS"]
[Date "2025.04.20"]
[Round "3.6"]
[White "Pope,Andrew"]
[Black "Sethuraman,Jaswanth Ram"]
[Result "1-0"]
[BlackElo "1529"]
[BlackFideId "3245250"]
[EventDate "2025.04.20"]
[PlyCount "0"]
[WhiteElo "1800"]
[WhiteFideId "0"]

1. e4 e5 2. Nf3 Nc6 3. Bb5 a6 4. Ba4 Nf6 5. d3 d6 6. O-O Bg4 7. Be3 Be7 8. Nbd2
O-O 9. c3 d5 10. Bxc6 bxc6 11. exd5 cxd5 12. Qa4 Bd6 13. Bg5 Bf5 14. Qc2 h6 15.
Bh4 c5 16. c4 e4 17. dxe4 dxe4 18. Rad1 Qc8 19. Bxf6 exf3 20. Ne4 Qe6 21. Rxd6
Bxe4 22. Rxe6 Bxc2 23. Rc6 gxf6 24. gxf3 Kg7 25. Re1 Rfc8 26. Rd6 Bf5 27. Kg2
Be6 28. b3 a5 29. Re3 a4 30. Rb6 axb3 31. axb3 Ra1 32. Rb7 Kh8 33. f4 Rb1 34.
f5 Bxc4 35. Rb6 Bd5+ 36. f3 c4 37. Rc3 Rb2+ 38. Kg3 Rc6 39. Rxc6 Bxc6 40. bxc4
Bd7 41. c5 Rb8 42. Kf4 Rb4+ 43. Ke3 Kg8 {  At this piont, Black's time fell
below 5 minutes and he stopped recording moves.}  44. c6 Bc8 45. Rd3 Bxf5 46.
Rc3 Bc8 47. Rd3 Ba6 48. Ra3 Rb6 49. c7 Rc6 50. Rxa6 Rxc7 51. Rxf6 Kg7 52. Ra6
Rc2 53. h4 Rc5 54. Rd6 Rh5 55. Rd4 f6 56. Rg4+ Kf7 57. Re4 Re5 58. Kf4 {  And
Black's flag fell.}   1-0